|
|
|
|
| LEADER |
00000nam0a2200000 4500 |
| 001 |
357969 |
| 005 |
20231102011039.0 |
| 035 |
|
|
|a (RuTPU)RU\TPU\retro\15237
|
| 090 |
|
|
|a 357969
|
| 100 |
|
|
|a 20200812d1978 k y0rusy50 ca
|
| 101 |
0 |
|
|a rus
|
| 102 |
|
|
|a RU
|
| 105 |
|
|
|a a z 101zy
|
| 200 |
1 |
|
|a Резонансное поглощение нейтронов
|e материалы Всесоюзного семинара по резонансному поглощению нейтронов, Москва, 21-23 июня 1977 г.
|f Московский инженерно-физический институт ; Центральный научно-исследовательский институт информации и технико-экономических исследований по атомной науке и технике
|
| 210 |
|
|
|a Москва
|c [Б. и.]
|d 1978
|
| 215 |
|
|
|a 216 с.
|c ил.
|
| 320 |
|
|
|a Библиография в конце статей
|
| 606 |
1 |
|
|a Нейтроны
|x Поглощение
|2 stltpush
|3 (RuTPU)RU\TPU\subj\45294
|9 64546
|
| 606 |
1 |
|
|a Ядерные реакторы
|x Резонансное поглощение
|2 stltpush
|3 (RuTPU)RU\TPU\subj\21674
|9 46629
|
| 610 |
1 |
|
|a пространственно-энергетическое распределение
|
| 610 |
1 |
|
|a расчет
|
| 610 |
1 |
|
|a теория
|
| 610 |
1 |
|
|a алгоритмы
|
| 610 |
1 |
|
|a функционалы
|
| 610 |
1 |
|
|a сечения
|
| 610 |
1 |
|
|a резонансные структуры
|
| 610 |
1 |
|
|a расчетно-экспериментальные исследования
|
| 610 |
1 |
|
|a разреженные резонансы
|
| 610 |
1 |
|
|a неразреженные резонансы
|
| 610 |
1 |
|
|a энергия
|
| 610 |
1 |
|
|a ядерные данные
|
| 610 |
1 |
|
|a семинары
|
| 675 |
|
|
|a 539.125.517(063)
|v 4
|
| 675 |
|
|
|a 621.039.512(063)
|v 4
|
| 712 |
0 |
2 |
|a Московский инженерно-физический институт
|c (1953-2009)
|2 stltpush
|3 (RuTPU)RU\TPU\col\105
|9 23196
|
| 712 |
0 |
2 |
|a Центральный научно-исследовательский институт информации и технико-экономических исследований по атомной науке и технике
|2 stltpush
|3 (RuTPU)RU\TPU\col\7912
|
| 712 |
1 |
2 |
|a Резонансное поглощение нейтронов
|c семинар
|e Москва
|f 1977
|
| 801 |
|
1 |
|a RU
|b 63413507
|c 20200812
|
| 801 |
|
2 |
|a RU
|b 63413507
|c 20210218
|g RCR
|
| 942 |
|
|
|c BK
|